125 mammals - Statistics

General Stats
  • This quiz has been taken 160 times
    156 since last reset
  • The average score is 85 of 125
Answer Stats
Picture Answer % Correct
African bush elephant
100%
American Bison
97%
Bactrian camel
93%
Red panda
92%
Red fox
91%
Common raccoon
90%
European rabbit
90%
Polar bear
90%
Giant anteater
89%
Giant panda
89%
Hedgehog
89%
Leopard
89%
Zebra
89%
Alpaca
88%
Three-toed sloth
88%
Western gorilla
88%
Antarctic fur seal
87%
Cape buffalo
87%
Domestic sheep
87%
Llama
87%
Spotted hyena
87%
Masai giraffe
86%
Airedale terrier
84%
Bengal tiger
84%
Common hippopotamus
84%
Domestic pig
84%
Grizzly bear
84%
Holstein cow
84%
Human
84%
Killer whale
84%
Bottlenose dolphin
82%
Donkey
82%
Arctic hare
81%
Bornean orangutan
81%
European badger
81%
Snow leopard
81%
Common warthog
80%
Domestic yak
80%
Eurasian Wolf
80%
Humpback whale
80%
Nine-banded armadillo
80%
Bobcat
79%
Cheetah
79%
Domestic goat
79%
Manatee
79%
North American cougar
79%
Asian black bear
78%
Eurasian otter
78%
Koala
78%
Meerkat
78%
Capybara
77%
Eastern chipmunk
77%
Hamadryas baboon
77%
Walrus
77%
Wildebeest
77%
African wild dog
76%
Black rhinoceros
75%
Chimpanzee
75%
Syrian hamster
75%
Tasmanian devil
75%
Aardvark
74%
California sea lion
74%
Eastern grey kangaroo
74%
Siamese cat
74%
Malayan tapir
73%
Red squirrel
73%
Rhim gazelle
73%
Elk
72%
Przewalski's horse
72%
Brown rat
71%
Dingo
71%
Reindeer
71%
Striped skunk
71%
House mouse
69%
Beluga whale
68%
Dromedary
68%
Blue whale
67%
Eastern mole
67%
Red-necked wallaby
67%
Duck-billed platypus
66%
Jaguar
66%
Red deer
66%
Royal chinchilla
66%
Wild Boar
66%
Okapi
65%
Guinea pig
64%
Jackal
64%
Olive baboon
64%
Flying fox
61%
Short-beaked echidna
61%
Coyote
60%
Virginia opossum
60%
Dugong
59%
Long-tailed pangolin
58%
Aye-aye
57%
Harbour porpoise
57%
North American porcupine
56%
Common wombat
55%
Prairie dog
51%
Alpine Ibex
49%
Mink
49%
Serval
49%
Shrew
47%
Caracal
45%
Ferret
45%
North American Beaver
45%
Southern elephant seal
42%
Bown howler
41%
Proboscis monkey
41%
Ocelot
39%
European roe deer
36%
Bonnet macaque
34%
Yellow mongoose
34%
Alpine marmot
33%
American marten
31%
Tufted capuchin
30%
African civet
29%
Zebu
29%
Coypu
27%
Chamois
26%
Fallow deer
26%
Greater kudu
26%
Raccoon dog
22%
Sable antelope
21%
European mouflon
18%
No matching quizzes found
Score Distribution
Percent of People with Each Score
Percentile by Number Answered
Your Score History
You have not taken this quiz since the last reset